000 00715nam a2200265Ia 4500
001 Para_9016
003 CHAP
008 220125s2001 xx 000 0 und d
010 _a207794
040 _cCHAP
082 _aPA 646.7 R63
100 _aRodríguez Mas, Jorge
_9174285
245 _aCómo mejorar nuestra comunicación /
_c por Jorge Rodríguez Mas
260 _aMéxico, D.F. :
_b Selector
300 _a111 p.
650 _aMotivación (psicología)
_979090
650 _aSuperación personal
_9143097
901 _aPA 646.7 R63
902 _aA
905 _a0000002001 0000000000 00
910 _a2001
942 _cPARA
942 _cPARA
_d1
999 _c207794
_d207794